000
00312nam a22001457a 4500
008
210310b ||||| |||| 00| 0 eng d
020
_a
9780077488222
041
_a
eng
080
_2
3
_a
510
082
_2
3
_a
510
100
_a
36
101
_a
MAT
245
_a
MATH in Our World
_c
Sobecki,D
942
_2
udc
_c
BK
999
_c
56140
_d
56140